MARC Record
Leader
003
BE-GnUNI
007
't'u
035
a| (MSK)310026300
084
a| XII.VITERBO.MUSEO CIVICO.1932
100
1
a| Gabbrielli, Mariarosa
245
0
3
a| Il Museo Civico di Viterbo (47 illustrazioni).
260
a| Roma :
b| La Liberia dello Stato,
c| 1932.
300
a| 41 p. :
b| ill.
490
0
a| Itinerari dei musei e monumenti d'Italia = Itinéraires des musées et monuments de l'Italie
v| 10
546
a| Italiaans
500
a| Museumcatalogus
650
7
a| Museo Civico (Viterbo).
2| z
852
4
b| MSK
c| MSK
j| XII.VITERBO.MUSEO CIVICO.1932
920
a| boek
001
000025870
005
20241224121636.0